Rynek i konsumpcja zagadnienia funkcjonowania handlu i uslug

Salvato in:
Dettagli Bibliografici
Natura: Libro
Lingua:polacco
Pubblicazione: Wroclaw Akademia ekonomiczna im. Oskara Langego 1983
Serie:Prace naukowe nr. 226
Tags: Aggiungi Tag
Nessun Tag, puoi essere il primo ad aggiungerne!!

MARC

LEADER 00000nam a2200000 4500
001 c112692
005 20150303145521.0
041 0 |a pol 
044 |a PL 
245 1 0 |a Rynek i konsumpcja  |b zagadnienia funkcjonowania handlu i uslug 
264 1 |a Wroclaw  |b Akademia ekonomiczna im. Oskara Langego  |c 1983 
300 |a 154 s. 
490 1 |a Prace naukowe  |v nr. 226 
830 0 |a Prace naukowe  |v nr. 226